| 000 | 004640000a22001810004500 | ||
|---|---|---|---|
| 003 | MACL | ||
| 005 | 20150823142455.0 | ||
| 008 | 150823b xxu||||| |||| 00| 0 eng d | ||
| 040 |
_aMACL _cMACL |
||
| 041 | _aEnglish | ||
| 082 | _a649/SHA | ||
| 100 |
_aSharma, Poonam _97047 |
||
| 245 | _aFundamentals Of Child Development and Child Care | ||
| 260 |
_bSterling Publishers _c1990 _aNew Delhi |
||
| 350 | _a175 | ||
| 650 |
_aTechnology _97048 |
||
| 942 |
_cBK _k649 _2ddc |
||
| 999 |
_c5295 _d5295 |
||